Представление документа в формате RUSMARC

ПолеНазваниеЗначение
  Тип записи a
  Библиографический уровень m
001 Контрольный номер RU\bookru\bibl\921170
003 Постоянный идентификатор записи http://www.book.ru/book/921170
005 Дата корректировки 20161026112538.4
010 Индекс ISBN __
a ISBN 978-5-406-04696-8
100 Данные общей обработки 0_
a Данные общей обработки 20160819d2016 mk y0rusy50 ca
101 Язык документа 0_
a Язык текста Русский
102 Страна публикации __
a Страна публикации RU
105 Кодированные данные (монография) __
a Кодированные данные (монография) y ||||000yy
200 Заглавие и сведения об ответственности 1_
a Заглавие Экономический анализ хозяйственной деятельности (для бакалавров)
210 Выходные данные __
a Место издания Москва
c Издательство КноРус
d Дата издания 2016
215 Физическое описание __
a Объем 360
330 Аннотация __
a Аннотация Излагаются теоретические и практические вопросы экономического анализа хозяйственной деятельности коммерческих организаций, которые рассматриваются как сложные социально-воспроизводственные системы, состоящие из технологической, социальной, экологической, экономической и организационно-управляющих подсистем. Это определило содержание и структуру учебника. Наряду с традиционным изложением вопросов анализа хозяйственной деятельности в учебнике расширено содержание анализа социального развития организации и введен раздел анализа ее экологической деятельности. Все аналитические расчеты основаны на действующей бухгалтерской и финансовой отчетности. Соответствует действующему Федеральному государственному образовательному стандарту высшего образования нового поколения. Для бакалавров, обучающихся по направлению «Экономика», а также магистров и преподавателей.
606 Тематические рубрики __
a Основная рубрика Управление и планирование экономики
2 Код системы local
608 Указатель предметных рубрик __
a Жанр/форма Учебник
2 Код системы local
675 Индекс УДК __
a Индекс УДК 338(075.8)
z Язык издания rus
686 Индексы других классификаций __
a Классификационный индекс 65.053я73
2 Код системы rubbk
700 Автор _1
a Фамилия Качкова О.Е., Косолапова М.В., Свободин В.А.
801 Источник записи _1
a Страна RU
b Организация book_ru
c Дата составления 20160819
g Правила каталогизации RCR
856 Электронный адрес документа 4_
u Универсальный указатель ресурса (URL) http://www.book.ru/book/921170
951 __
a http://www.book.ru/book/921170